[Event "COL-ch U20 Girls"]
[Site "Cali"]
[Date "2024.03.03"]
[Round "8"]
[White "Hernandez Bermudez, Manuela"]
[Black "Remolina Garcia, Mayra Xiomara"]
[Result "1/2-1/2"]
[WhiteElo "1868"]
[BlackElo "1660"]
[PlyCount "97"]
[EventDate "2024.02.28"]
[EventType "swiss"]
[EventRounds "9"]
[EventCountry "COL"]
[SourceTitle "CB11_2024"]
[SourceDate "2024.03.13"]
[SourceVersion "1"]
[SourceVersionDate "2024.03.13"]
[SourceQuality "1"]

1. e4 c5 2. Nf3 Nc6 3. d4 cxd4 4. Nxd4 Nf6 5. Nc3 d6 6. Bg5 e6 7. Qd2 Be7 8. 0-0-0 a6 9. Nxc6 bxc6 10. Bf4 d5 11. Qe3 0-0 12. Be2 Nd7 13. exd5 cxd5 14. g4 Bc5 15. Qg3 Qb6 16. Rhf1 Qb4 17. a3 Qb7 18. Na4 Ba7 19. c4 e5 20. Bxe5 Nxe5 21. Qxe5 Bd7 22. Nc3 d4 23. Nd5 Rae8 24. Ne7+ Kh8 25. Bd3 Bxg4 26. Rde1 Rb8 27. b4 Qf3 28. Qe4 Qxe4 29. Rxe4 Bf3 30. Rf4 Ba8 31. c5 a5 32. Rxd4 axb4 33. axb4 Rxb4 34. Rxb4 Bxc5 35. Rh4 Bxe7 36. Rxh7+ Kg8 37. Rg1 Rc8+ 38. Kd1 Bf6 39. Rh3 Rd8 40. Rg4 Bb7 41. Rb4 Bc8 42. Rg3 Be5 43. f4 Bf6 44. Kc2 Be6 45. Rb7 Rc8+ 46. Kd2 Rd8 47. Ra7 Bh4 48. Rg2 Bf5 49. Ra3 1/2-1/2

[Event "COL-ch U20 Girls"]
[Site "Cali"]
[Date "2024.03.02"]
[Round "6"]
[White "Hernandez Bermudez, Manuela"]
[Black "Finley Rosero, Karol Valentina"]
[Result "1-0"]
[WhiteElo "1868"]
[BlackElo "1706"]
[PlyCount "81"]
[EventDate "2024.02.28"]
[EventType "swiss"]
[EventRounds "9"]
[EventCountry "COL"]
[SourceTitle "CB11_2024"]
[SourceDate "2024.03.13"]
[SourceVersion "1"]
[SourceVersionDate "2024.03.13"]
[SourceQuality "1"]

1. e4 c5 2. Nf3 d6 3. d4 cxd4 4. Nxd4 Nf6 5. Nc3 g6 6. Be3 Bg7 7. f3 0-0 8. Qd2 Nc6 9. 0-0-0 Nxd4 10. Bxd4 Be6 11. Kb1 Qc7 12. h4 Rfc8 13. h5 Qa5 14. hxg6 fxg6 15. a3 Bf7 16. g4 b5 17. Nxb5 Qxd2 18. Rxd2 a6 19. Nc3 Rab8 20. Nd5 Nxd5 21. Bxg7 Kxg7 22. exd5 Rc5 23. c4 g5 24. b4 Bg6+ 25. Kb2 Rcc8 26. Kc3 Rf8 27. Be2 Rb7 28. a4 Rf4 29. b5 a5 30. Rd4 Rf8 31. f4 Rxf4 32. Rxf4 gxf4 33. Rf1 Kf7 34. Rxf4+ Ke8 35. Bd3 Rb8 36. Bxg6+ hxg6 37. Kd4 Rc8 38. b6 Kd7 39. Rf7 Rb8 40. c5 dxc5+ 41. Kxc5 1-0

[Event "COL-ch U20 Girls"]
[Site "Cali"]
[Date "2024.02.28"]
[Round "1"]
[White "Hernandez Bermudez, Manuela"]
[Black "Largo Chaparro, Sofia Alejandra"]
[Result "0-1"]
[WhiteElo "1868"]
[BlackElo "1454"]
[PlyCount "96"]
[EventDate "2024.02.28"]
[EventType "swiss"]
[EventRounds "9"]
[EventCountry "COL"]
[SourceTitle "CB11_2024"]
[SourceDate "2024.03.13"]
[SourceVersion "1"]
[SourceVersionDate "2024.03.13"]
[SourceQuality "1"]

1. e4 c5 2. Nf3 g6 3. d4 cxd4 4. Nxd4 Nc6 5. c4 Nf6 6. Nc3 Nxd4 7. Qxd4 d6 8. Be2 Bg7 9. 0-0 0-0 10. Qd3 Bg4 11. f3 Be6 12. Be3 Qa5 13. Rac1 Rfc8 14. b3 a6 15. Bd4 b5 16. cxb5 axb5 17. Qxb5 Nxe4 18. Bxg7 Qa7+ 19. Kh1 Nf2+ 20. Rxf2 Qxf2 21. Rf1 Qa7 22. Bh6 Rxc3 23. Qb4 Rc2 24. Bd3 Rxa2 25. Qc3 f6 26. Bc4 d5 27. Qe1 Bf7 28. Bd3 Ra1 29. Bb1 d4 30. h4 d3 31. Be3 Qd7 32. Qc3 R1a3 33. Qxd3 Qxd3 34. Bxd3 Ra1 35. Rxa1 Rxa1+ 36. Kh2 Bxb3 37. Be4 e5 38. Bc5 f5 39. Bb7 Ra4 40. Bd6 Ra7 41. Bc8 e4 42. fxe4 fxe4 43. Kg3 Ra8 44. Bb7 Rd8 45. Be5 Rd3+ 46. Kf2 e3+ 47. Ke2 Bc4 48. Ke1 e2 0-1

[Event "Carlos Torre Memorial op 33rd"]
[Site "Merida"]
[Date "2023.12.18"]
[Round "7"]
[White "Hernandez Bermudez, Manuela"]
[Black "Morales, Viscaya Joel Artem"]
[Result "1/2-1/2"]
[WhiteElo "1884"]
[BlackElo "1737"]
[PlyCount "46"]
[EventDate "2023.12.15"]
[EventType "swiss"]
[EventRounds "9"]
[EventCountry "MEX"]
[SourceTitle "CB52_2023"]
[SourceDate "2023.12.27"]
[SourceVersion "1"]
[SourceVersionDate "2023.12.27"]
[SourceQuality "1"]

1. e4 e5 2. Nf3 Nc6 3. Bb5 a6 4. Ba4 Nge7 5. 0-0 g6 6. c3 Bg7 7. d4 exd4 8. cxd4 b5 9. Bc2 0-0 10. Nc3 d6 11. h3 Na5 12. d5 Nc4 13. Nd4 Bb7 14. b3 c5 15. dxc6 Nxc6 16. Nce2 Nb6 17. Bb2 Qd7 18. Qd2 d5 19. exd5 Nxd5 20. Rad1 Nf6 21. Nf3 Qxd2 22. Nxd2 Rfe8 23. Ng3 Rad8 1/2-1/2

[Event "Carlos Torre Memorial op 33rd"]
[Site "Merida"]
[Date "2023.12.15"]
[Round "1"]
[White "Hernandez Bermudez, Manuela"]
[Black "Diaz Rosas, Julio Cesar"]
[Result "0-1"]
[WhiteElo "1884"]
[BlackElo "2366"]
[PlyCount "60"]
[EventDate "2023.12.15"]
[EventType "swiss"]
[EventRounds "9"]
[EventCountry "MEX"]
[SourceTitle "CB52_2023"]
[SourceDate "2023.12.27"]
[SourceVersion "1"]
[SourceVersionDate "2023.12.27"]
[SourceQuality "1"]

1. e4 e5 2. Nf3 Nc6 3. Bb5 Nge7 4. 0-0 g6 5. c3 a6 6. Ba4 Bg7 7. d4 exd4 8. cxd4 b5 9. Bb3 Na5 10. Bc2 0-0 11. Nc3 d6 12. h3 c5 13. d5 Bd7 14. Re1 Nc4 15. Nd2 Nxd2 16. Qxd2 Nc8 17. f4 Nb6 18. Rb1 Nc4 19. Qd1 Qh4 20. Ne2 f5 21. Kh2 fxe4 22. Bxe4 Rae8 23. Ng1 Bg4 24. Nf3 Bxf3 25. gxf3 Bh6 26. Rg1 Bxf4+ 27. Bxf4 Qxf4+ 28. Kh1 Rxe4 29. fxe4 Qxe4+ 30. Rg2 Ne3 0-1

[Event "COL-chT (Women)"]
[Site "Risaralda"]
[Date "2023.11.23"]
[Round "7.3"]
[White "Hernandez Bermudez, Manuela"]
[Black "Cuellar, Nelly Yohanna"]
[Result "1-0"]
[WhiteElo "1853"]
[BlackElo "1615"]
[PlyCount "64"]
[EventDate "2023.11.19"]
[EventType "team-swiss"]
[EventRounds "7"]
[EventCountry "COL"]
[SourceTitle "CB49_2023"]
[SourceDate "2023.12.06"]
[SourceVersion "1"]
[SourceVersionDate "2023.12.06"]
[SourceQuality "1"]
[WhiteTeam "Risaralda (W)"]
[BlackTeam "Quindio (W)"]
[WhiteTeamCountry "COL"]
[BlackTeamCountry "COL"]

1. e4 c5 2. Nf3 Nc6 3. d4 cxd4 4. Nxd4 e5 5. Nb5 a6 6. Nd6+ Bxd6 7. Qxd6 Qf6 8. Qd1 Qg6 9. Nc3 d5 10. Nxd5 Qxe4+ 11. Be3 Nd4 12. Nc7+ Ke7 13. Rc1 Bg4 14. Qd3 Qxd3 15. Bxd3 Rd8 16. h3 Bh5 17. f4 Kd6 18. Nxa6 bxa6 19. g4 Bg6 20. f5 Bxf5 21. gxf5 Ne7 22. 0-0 Nd5 23. Kf2 a5 24. c3 Nc6 25. Rfd1 Kc7 26. Bc5 Nf4 27. Bf1 Rxd1 28. Rxd1 Rd8 29. Rxd8 Kxd8 30. b4 axb4 31. cxb4 Kc7 32. Kf3 g5 1-0

[Event "COL-chT (Women)"]
[Site "Risaralda"]
[Date "2023.11.22"]
[Round "6.3"]
[White "Franco Valencia, Angela Maria"]
[Black "Hernandez Bermudez, Manuela"]
[Result "0-1"]
[WhiteElo "2126"]
[BlackElo "1853"]
[PlyCount "80"]
[EventDate "2023.11.19"]
[EventType "team-swiss"]
[EventRounds "7"]
[EventCountry "COL"]
[SourceTitle "CB49_2023"]
[SourceDate "2023.12.06"]
[SourceVersion "1"]
[SourceVersionDate "2023.12.06"]
[SourceQuality "1"]
[WhiteTeam "Bolivar (W)"]
[BlackTeam "Risaralda (W)"]
[WhiteTeamCountry "COL"]
[BlackTeamCountry "COL"]

1. e4 c5 2. Nf3 d6 3. d4 cxd4 4. Nxd4 Nf6 5. Nc3 g6 6. g3 Nc6 7. Nde2 h5 8. h3 Bd7 9. Bg2 Qc8 10. b3 Bg7 11. Bb2 0-0 12. Qd2 b5 13. 0-0-0 a5 14. Nd5 a4 15. Nb6 Qa6 16. Nxa8 Rxa8 17. e5 dxe5 18. b4 a3 19. Ba1 Rc8 20. g4 Be6 21. Kb1 Qa4 22. Bc3 Ne8 23. Bxc6 Rxc6 24. Nc1 Nd6 25. Nb3 Ne4 26. Qd8+ Kh7 27. Be1 Nc3+ 28. Bxc3 Rxc3 29. Rd3 Qxb4 30. Rhd1 e4 31. Rd4 Rc4 32. Rxc4 bxc4 33. Qa5 Qb7 34. Qxa3 cxb3 35. axb3 Qc7 36. Qb4 Qe5 37. c3 e3 38. fxe3 Qxe3 39. gxh5 Bf5+ 40. Ka2 Qe2+ 0-1

[Event "Wch U20 Girls 39th"]
[Site "Mexico City"]
[Date "2023.09.28"]
[Round "8"]
[White "Cabrera Cruz, Brenda Elisa"]
[Black "Hernandez Bermudez, Manuela"]
[Result "0-1"]
[WhiteElo "1682"]
[BlackElo "1905"]
[PlyCount "54"]
[EventDate "2023.09.21"]
[EventType "swiss"]
[EventRounds "11"]
[EventCountry "MEX"]
[SourceTitle "EXT 2024"]
[Source "ChessBase"]
[SourceDate "2023.10.10"]
[SourceVersion "1"]
[SourceVersionDate "2023.10.10"]
[SourceQuality "1"]

1. e4 c5 2. Nf3 d6 3. d4 cxd4 4. Nxd4 Nf6 5. Nc3 a6 6. Bg5 Nbd7 7. f4 Qc7 8. Qf3 b5 9. 0-0-0 Bb7 10. Bd3 g6 11. Rhe1 Bg7 12. Qh3 0-0 13. Bh6 b4 14. Bxg7 Kxg7 15. Nd5 Nxd5 16. exd5 Nf6 17. Re3 Bxd5 18. Nf5+ gxf5 19. Bxf5 Be6 20. g4 Bxf5 21. gxf5 Rac8 22. Rd2 Kh8 23. Rg2 Rg8 24. Reg3 d5 25. Qh4 Rxg3 26. hxg3 Qc4 27. Rf2 Ne4 0-1

[Event "Wch U20 Girls 39th"]
[Site "Mexico City"]
[Date "2023.09.26"]
[Round "6"]
[White "Stephenson, Amy"]
[Black "Hernandez Bermudez, Manuela"]
[Result "0-1"]
[WhiteElo "1570"]
[BlackElo "1905"]
[PlyCount "76"]
[EventDate "2023.09.21"]
[EventType "swiss"]
[EventRounds "11"]
[EventCountry "MEX"]
[SourceTitle "EXT 2024"]
[Source "ChessBase"]
[SourceDate "2023.10.10"]
[SourceVersion "1"]
[SourceVersionDate "2023.10.10"]
[SourceQuality "1"]

1. e4 c5 2. Nf3 d6 3. Bb5+ Nd7 4. 0-0 a6 5. Bd3 Ngf6 6. c3 b5 7. Bc2 c4 8. Re1 Bb7 9. a4 Nc5 10. axb5 axb5 11. Rxa8 Bxa8 12. e5 dxe5 13. Rxe5 e6 14. b4 cxb3 15. Bxb3 Bd6 16. Rg5 0-0 17. d4 Nxb3 18. Qxb3 Bd5 19. Rxd5 exd5 20. Qxb5 Qb8 21. Qd3 Qb3 22. Bg5 Ne4 23. g3 Rc8 24. Nfd2 Qd1+ 25. Kg2 Nxg5 26. Qf5 Ne6 27. Qxd5 Bf4 28. Qa2 Bxd2 29. Nxd2 Rxc3 30. h3 Rd3 31. Nf1 Qf3+ 32. Kg1 Rxd4 33. Ne3 Rd3 34. Qc2 Rxe3 35. fxe3 Qxg3+ 36. Kf1 Qxh3+ 37. Ke2 Qg2+ 38. Kd3 Qxc2+ 0-1

[Event "Medellin Flores op 30th"]
[Site "Medellin"]
[Date "2023.08.07"]
[Round "8"]
[White "Castano Herrera, Saray"]
[Black "Hernandez Bermudez, Manuela"]
[Result "1/2-1/2"]
[WhiteElo "1753"]
[BlackElo "1936"]
[PlyCount "25"]
[EventDate "2023.08.03"]
[EventType "swiss"]
[EventRounds "9"]
[EventCountry "COL"]
[SourceTitle "EXT 2024"]
[Source "ChessBase"]
[SourceDate "2023.10.10"]
[SourceVersion "1"]
[SourceVersionDate "2023.10.10"]
[SourceQuality "1"]

1. c4 Nf6 2. d4 g6 3. Nc3 d5 4. cxd5 Nxd5 5. e4 Nxc3 6. bxc3 Bg7 7. Nf3 c5 8. Bb5+ Nc6 9. 0-0 0-0 10. Bxc6 bxc6 11. Qc2 Ba6 12. Rd1 Qa5 13. a4 1/2-1/2

[Event "Medellin Flores op 30th"]
[Site "Medellin"]
[Date "2023.08.04"]
[Round "3"]
[White "Toro Ramirez, Samuel"]
[Black "Hernandez Bermudez, Manuela"]
[Result "1/2-1/2"]
[WhiteElo "1809"]
[BlackElo "1936"]
[PlyCount "43"]
[EventDate "2023.08.03"]
[EventType "swiss"]
[EventRounds "9"]
[EventCountry "COL"]
[SourceTitle "CBM 215 Extra"]
[Source "ChessBase"]
[SourceDate "2023.09.30"]
[SourceVersion "1"]
[SourceVersionDate "2023.09.30"]
[SourceQuality "1"]

1. e4 c5 2. Nf3 d6 3. d4 cxd4 4. Nxd4 Nf6 5. Nc3 a6 6. Be3 e5 7. Nb3 Be6 8. Qd2 Nbd7 9. 0-0-0 Rc8 10. f3 h5 11. Kb1 b5 12. Nd5 Bxd5 13. exd5 Nb6 14. Bg5 Be7 15. Qa5 Qc7 16. Bd3 Qb7 17. Bxf6 Bxf6 18. Be4 0-0 19. Qe1 Nc4 20. h4 Qb6 21. g4 hxg4 22. fxg4 1/2-1/2

[Event "Rivera Huila Hernandez Memorial-B"]
[Site "Rivera Huila"]
[Date "2023.07.23"]
[Round "6"]
[White "Alvarez Angel, Nelson Eduardo"]
[Black "Hernandez Bermudez, Manuela"]
[Result "0-1"]
[WhiteElo "2037"]
[BlackElo "1909"]
[PlyCount "146"]
[EventDate "2023.07.20"]
[EventType "swiss"]
[EventRounds "7"]
[EventCountry "COL"]
[SourceTitle "CBM 215 Extra"]
[Source "ChessBase"]
[SourceDate "2023.09.30"]
[SourceVersion "1"]
[SourceVersionDate "2023.09.30"]
[SourceQuality "1"]

1. d4 Nf6 2. c4 g6 3. Nc3 d5 4. Bg5 Ne4 5. Bh4 Nxc3 6. bxc3 dxc4 7. Qa4+ c6 8. Qxc4 Qa5 9. Nf3 Be6 10. Qd3 Bg7 11. e3 Nd7 12. Ng5 Nc5 13. Qc2 Bf5 14. Qb2 Nd3+ 15. Bxd3 Bxd3 16. Qb4 Qxb4 17. cxb4 a5 18. a3 axb4 19. Kd2 Bc4 20. axb4 Kd7 21. Ne4 b6 22. f3 f5 23. Nc3 b5 24. Bg3 Rhc8 25. Kc2 e6 26. e4 Ke8 27. Bf2 Bf8 28. Rab1 Ra3 29. Rhd1 Bg7 30. Be3 Rd8 31. e5 Bf8 32. Bc1 Ra7 33. g4 Kf7 34. Be3 Ra3 35. Bc1 Ra7 36. h4 Rda8 37. h5 Ra1 38. hxg6+ hxg6 39. Rb2 Bg7 40. gxf5 gxf5 41. Be3 Rxd1 42. Kxd1 Rh8 43. Ne2 Rh1+ 44. Ng1 Bf8 45. Ke1 Be7 46. Kd1 Bg5 47. Bf2 Rh2 48. Ke1 Be3 49. f4 Bxf4 50. Rb1 Rh1 51. Ra1 Kg6 52. Ra8 Bh6 53. Rg8+ Kf7 54. Rc8 Bd5 55. Ke2 Bf8 56. Rc7+ Kg6 57. Nf3 Bc4+ 58. Kd2 Bxb4+ 59. Ke3 Ra1 60. Nh4+ Kh5 61. Ng2 Ra3+ 62. Kf4 Bd5 63. Ne3 Bd2 64. Rh7+ Kg6 65. Rh3 b4 66. Rg3+ Kf7 67. Kg5 b3 68. Kh6 b2 69. Rg7+ Ke8 70. Bh4 b1Q 71. Re7+ Kf8 72. Kg6 Qg1+ 73. Kf6 Bxe3 0-1

[Event "COL-ch (Women)"]
[Site "Cartagena"]
[Date "2023.06.09"]
[Round "3"]
[White "Luna Monsalve, Sofia"]
[Black "Hernandez Bermudez, Manuela"]
[Result "0-1"]
[WhiteElo "1441"]
[BlackElo "1883"]
[PlyCount "162"]
[EventDate "2023.06.08"]
[EventType "swiss"]
[EventRounds "9"]
[EventCountry "COL"]
[SourceTitle "CBM 215 Extra"]
[Source "ChessBase"]
[SourceDate "2023.09.30"]
[SourceVersion "1"]
[SourceVersionDate "2023.09.30"]
[SourceQuality "1"]

1. d4 Nf6 2. c4 g6 3. Nc3 d5 4. cxd5 Nxd5 5. e4 Nxc3 6. bxc3 Bg7 7. Bc4 c5 8. Ne2 Nc6 9. Be3 0-0 10. 0-0 b6 11. Rc1 e6 12. Qd2 Bb7 13. h4 Rc8 14. h5 Qd7 15. hxg6 hxg6 16. f4 Na5 17. Bd3 cxd4 18. cxd4 Rxc1 19. Rxc1 Rc8 20. Rxc8+ Qxc8 21. Qc2 Qxc2 22. Bxc2 Ba6 23. Ng3 Bc4 24. a4 f5 25. Kf2 Nc6 26. e5 Nb4 27. Bd1 Nd3+ 28. Kg1 Bd5 29. Bd2 Nb2 30. Bc2 Bc6 31. Bb3 Kf7 32. a5 bxa5 33. Bxa5 Bd5 34. Bxd5 exd5 35. Ne2 Nc4 36. Bc3 a5 37. Ba1 Bf8 38. Nc3 Ke6 39. Na4 Bb4 40. Kf2 Kd7 41. Ke2 Kc6 42. Kd3 Bd2 43. Nb2 Nxb2+ 44. Kxd2 Nc4+ 45. Kd3 a4 46. Bc3 a3 47. g3 Kb5 48. Kc2 Ka4 49. e6 Nd6 50. e7 Ne8 51. Ba1 Kb4 52. Bc3+ Kc4 53. Ba1 a2 54. Bc3 Nf6 55. Ba1 Kb5 56. Kb3 Kc6 57. Kxa2 Kd7 58. Bc3 Kxe7 59. Ka3 Kd6 60. Ka4 Kc6 61. Ka5 Ne4 62. Be1 Nd6 63. Bb4 Nb5 64. Bc5 Nc3 65. Bb4 Ne2 66. Be1 Nxd4 67. Bf2 Nc2 68. Ka4 d4 69. Kb3 Ne3 70. Bxe3 dxe3 71. Kc3 Kd5 72. Kd3 e2 73. Kxe2 Ke4 74. Kf2 Kd4 75. Kg2 Ke3 76. Kh3 Kf3 77. Kh4 Kg2 78. g4 Kf3 79. gxf5 gxf5 80. Kg5 Ke4 81. Kh5 Kxf4 0-1

[Event "Jamundi Valle Avanza op-B"]
[Site "Jamundi"]
[Date "2022.12.11"]
[Round "7"]
[White "Mata Zambrano, Luis Enrique"]
[Black "Hernandez Bermudez, Manuela"]
[Result "0-1"]
[WhiteElo "1544"]
[BlackElo "1817"]
[PlyCount "86"]
[EventDate "2022.12.08"]
[EventType "swiss"]
[EventRounds "7"]
[EventCountry "COL"]
[SourceTitle "EXT 2024"]
[Source "ChessBase"]
[SourceDate "2023.10.10"]
[SourceVersion "1"]
[SourceVersionDate "2023.10.10"]
[SourceQuality "1"]

1. d4 Nf6 2. c4 g6 3. Nc3 d5 4. cxd5 Nxd5 5. Bd2 Bg7 6. e4 Nb6 7. Nf3 0-0 8. Be3 Nc6 9. Qd2 f5 10. e5 Nb4 11. Rc1 Be6 12. Ng5 Qd7 13. Nxe6 Qxe6 14. a3 N4d5 15. Nxd5 Nxd5 16. Bc4 c6 17. 0-0 Rad8 18. Ba2 Qf7 19. f3 f4 20. Bf2 Kh8 21. Qa5 a6 22. Bh4 Rd7 23. Rfe1 e6 24. Bf2 g5 25. Bb1 Rg8 26. Qd2 Bf8 27. Be4 Qh5 28. h3 Ne7 29. Rc3 Qf7 30. Rb3 Ng6 31. Qc3 Ne7 32. Qc1 Nf5 33. Rd3 h5 34. b4 Ne7 35. Rf1 Nd5 36. Rb3 Qe8 37. Qd2 Qe7 38. Rfb1 Nb6 39. Qc1 Qd8 40. Rd3 Nd5 41. Qe1 Qa8 42. a4 Nc7 43. Qc1 Kg7 0-1

[Event "COL-chT Blitz (Women)"]
[Site "Santa Marta"]
[Date "2022.11.07"]
[Round "3.2"]
[White "Hernandez Bermudez, Manuela"]
[Black "Pinto Aponte, Lina"]
[Result "1-0"]
[WhiteElo "1864"]
[BlackElo "1534"]
[PlyCount "39"]
[EventDate "2022.11.07"]
[EventType "team-swiss"]
[EventRounds "9"]
[EventCountry "COL"]
[SourceTitle "CBM 211 Extra"]
[Source "ChessBase"]
[SourceDate "2023.01.31"]
[SourceVersion "1"]
[SourceVersionDate "2023.01.31"]
[SourceQuality "1"]
[WhiteTeam "Risaralda (W)"]
[BlackTeam "Cordoba (W)"]
[WhiteTeamCountry "COL"]
[BlackTeamCountry "COL"]

1. e4 e5 2. Nf3 Nc6 3. Bb5 Nf6 4. d3 Bc5 5. Bxc6 bxc6 6. Nxe5 Qe7 7. Nf3 d6 8. h3 0-0 9. 0-0 Bb7 10. Bg5 Rfe8 11. d4 Bb6 12. e5 dxe5 13. dxe5 h6 14. exf6 gxf6 15. Bxh6 Rad8 16. Nfd2 f5 17. Qh5 Qf6 18. Bg5 Qg7 19. Bxd8 Rxd8 20. Nf3 1-0

[Event "COL-chT Blitz (Women)"]
[Site "Santa Marta"]
[Date "2022.11.07"]
[Round "2.2"]
[White "Mogollon Tobar, Nicolle Juliet"]
[Black "Hernandez Bermudez, Manuela"]
[Result "1-0"]
[WhiteElo "1740"]
[BlackElo "1864"]
[PlyCount "48"]
[EventDate "2022.11.07"]
[EventType "team-swiss"]
[EventRounds "9"]
[EventCountry "COL"]
[SourceTitle "CBM 211 Extra"]
[Source "ChessBase"]
[SourceDate "2023.01.31"]
[SourceVersion "1"]
[SourceVersionDate "2023.01.31"]
[SourceQuality "1"]
[WhiteTeam "Valle (W)"]
[BlackTeam "Risaralda (W)"]
[WhiteTeamCountry "COL"]
[BlackTeamCountry "COL"]

1. e4 c5 2. Nf3 d6 3. d4 cxd4 4. Nxd4 Nf6 5. Nc3 g6 6. f3 a6 7. Be3 Nbd7 8. Qd2 h5 9. Be2 Bg7 10. a4 b6 11. 0-0 Bb7 12. Bd3 Qc7 13. Nce2 Ne5 14. b3 Rc8 15. Rfc1 h4 16. h3 Nh5 17. f4 Nc6 18. c3 e5 19. Nxc6 Qxc6 20. b4 exf4 21. Nxf4 Nxf4 22. Bxf4 0-0 23. Qf2 Rfe8 24. b5 Qd7 1-0

[Event "COL-chT Blitz (Women)"]
[Site "Santa Marta"]
[Date "2022.11.07"]
[Round "9.2"]
[White "Velez Alvarez, Laura Camila"]
[Black "Hernandez Bermudez, Manuela"]
[Result "1-0"]
[WhiteElo "1692"]
[BlackElo "1864"]
[PlyCount "87"]
[EventDate "2022.11.07"]
[EventType "team-swiss"]
[EventRounds "9"]
[EventCountry "COL"]
[SourceTitle "CBM 211 Extra"]
[Source "ChessBase"]
[SourceDate "2023.01.31"]
[SourceVersion "1"]
[SourceVersionDate "2023.01.31"]
[SourceQuality "1"]
[WhiteTeam "Caqueta (W)"]
[BlackTeam "Risaralda (W)"]
[WhiteTeamCountry "COL"]
[BlackTeamCountry "COL"]

1. e4 c5 2. Nf3 d6 3. d4 cxd4 4. Nxd4 Nf6 5. f3 g6 6. c4 Bg7 7. Be3 0-0 8. Nc3 Nc6 9. Qd2 Bd7 10. Be2 Nxd4 11. Bxd4 Bc6 12. 0-0 a5 13. b3 Nd7 14. Rfd1 Bxd4+ 15. Qxd4 Qb6 16. Qxb6 Nxb6 17. a3 f6 18. Rac1 Kf7 19. Nd5 Nd7 20. Nc3 b6 21. Kf2 Rfc8 22. Ra1 Bb7 23. Rdc1 Nc5 24. Rcb1 Ne6 25. Ke3 Ba6 26. Nd5 Rab8 27. Nc3 g5 28. g3 h5 29. Rc1 Nc5 30. Rab1 Nd7 31. f4 gxf4+ 32. gxf4 h4 33. Bh5+ Kg7 34. Rg1+ Kh6 35. Bg4 Rc7 36. Nd5 Ra7 37. Nxe7 Nc5 38. Nf5+ Kh7 39. Nxd6 Rd8 40. Bf5+ Kh6 41. Rg6+ Kh5 42. Rxf6 Rg7 43. e5 Nd7 44. Bxd7 1-0

[Event "COL-chT (Women)"]
[Site "Santa Marta"]
[Date "2022.11.05"]
[Round "7.2"]
[White "Mateus, Martha"]
[Black "Hernandez Bermudez, Manuela"]
[Result "1/2-1/2"]
[WhiteElo "2012"]
[BlackElo "1815"]
[PlyCount "75"]
[EventDate "2022.11.02"]
[EventType "team-swiss"]
[EventRounds "7"]
[EventCountry "COL"]
[SourceTitle "CBM 211 Extra"]
[Source "ChessBase"]
[SourceDate "2023.01.31"]
[SourceVersion "1"]
[SourceVersionDate "2023.01.31"]
[SourceQuality "1"]
[WhiteTeam "Valle (W)"]
[BlackTeam "Risaralda (W)"]
[WhiteTeamCountry "COL"]
[BlackTeamCountry "COL"]

1. e4 c5 2. c3 d5 3. exd5 Qxd5 4. d4 Nf6 5. Nf3 Bg4 6. dxc5 Qxc5 7. Na3 e6 8. Be3 Qc8 9. Nb5 Nc6 10. Nd6+ Bxd6 11. Qxd6 Qd8 12. Qxd8+ Rxd8 13. Bb5 Bxf3 14. gxf3 a6 15. Bxc6+ bxc6 16. Rg1 Rg8 17. Bd4 Nh5 18. Rg5 Rd5 19. Rg4 Kd7 20. 0-0-0 Kc8 21. Rdg1 f6 22. Be3 Rf5 23. Ra4 Kb7 24. Rd1 Rd5 25. Rb4+ Kc7 26. Rb6 Rxd1+ 27. Kxd1 Ra8 28. Rb4 e5 29. Rh4 g6 30. Kc2 Rh8 31. Ra4 Ra8 32. Rh4 Rh8 33. Ra4 Ra8 34. Rh4 Rd8 35. Ra4 Ra8 36. Rh4 Kb7 37. Rb4+ Kc7 38. Rh4 1/2-1/2